Macbeth / (Record no. 347020)
[ view plain ]
| 000 -LEADER | |
|---|---|
| fixed length control field | 01163 a2200205 4500 |
| 020 ## - INTERNATIONAL STANDARD BOOK NUMBER | |
| International Standard Book Number | 1853260355 (paperback) |
| 020 ## - INTERNATIONAL STANDARD BOOK NUMBER | |
| International Standard Book Number | 9781853260353 (paperback) |
| 082 04 - DEWEY DECIMAL CLASSIFICATION NUMBER | |
| Classification number | 822 |
| 090 ## - LOCALLY ASSIGNED LC-TYPE CALL NUMBER (OCLC); LOCAL CALL NUMBER (RLIN) | |
| -- | 4578 |
| -- | 4578 |
| 100 1# - MAIN ENTRY--PERSONAL NAME | |
| Personal name | Shakespeare, William. |
| 245 10 - TITLE STATEMENT | |
| Title | Macbeth / |
| Statement of responsibility, etc. | William Shakespeare. |
| 250 ## - EDITION STATEMENT | |
| Edition statement | annotated edition ed. |
| 260 ## - PUBLICATION, DISTRIBUTION, ETC. | |
| Place of publication, distribution, etc. | [S.l.] : |
| Name of publisher, distributor, etc. | Wordsworth Editions Ltd, |
| Date of publication, distribution, etc. | 1997. |
| 300 ## - PHYSICAL DESCRIPTION | |
| Extent | 128 p. ; |
| Dimensions | 20 cm. |
| 490 1# - SERIES STATEMENT | |
| Series statement | Wordsworth classics. |
| 520 ## - SUMMARY, ETC. | |
| Summary, etc. | Introduction and Notes by Cedric Watts, Professor of English Literature, University of Sussex Macbeth is one of Shakespeare's four great tragedies, encompassing witchcraft, bloody murder, ghostly apparitions as well as high poetry, blended in such a way as to demonstrate the assured dramatic touch of Shakespeare's maturity. Macbeth's tragedy is that of a good, brave and honourable man turned into the personification of evil by the workings of unreasonable ambition. It was a lesson lost on King James I & VI, for whom the play was written. |
| 830 #0 - SERIES ADDED ENTRY--UNIFORM TITLE | |
| Uniform title | Wordsworth classics. |
| 856 40 - ELECTRONIC LOCATION AND ACCESS | |
| Materials specified | Amazon.com |
| Uniform Resource Identifier | <a href="http://www.amazon.com/exec/obidos/ASIN/1853260355/chopaconline-20">http://www.amazon.com/exec/obidos/ASIN/1853260355/chopaconline-20</a> |
| 942 ## - ADDED ENTRY ELEMENTS (KOHA) | |
| Institution code [OBSOLETE] | NBS |
| Koha item type | Book |
| Call number prefix | 822.3 SHA |
| Withdrawn status | Lost status | Damaged status | Not for loan | Permanent Location | Current Location | Date acquired | Total Checkouts | Total Renewals | Full call number | Barcode | Date last seen | Date last checked out | Price effective from | Koha item type |
|---|---|---|---|---|---|---|---|---|---|---|---|---|---|---|
| Central Library (CL) | Central Library (CL) | 08/28/2013 | 8 | 3 | 822.3 SHA | NBS5587 | 10/22/2025 | 08/06/2025 | 08/28/2013 | Book |
